=LDR 00000nam 2200000 4500 =001 INLIS000000000042593 =005 20220725115241 =035 ##$$a 0010-101300000000515 =008 220725################g##########0#ind## =041 ##$$a ind =082 ##$$a 616.99 =090 ##$$a 616.99, Suy b =100 ##$$a Suyatno =245 1#$$a Bedah onkologi, Diagnostik dan terapi /$c Suyatno, Emir taris pasaribu =260 ##$$a Jakarta :$b Jakarta,$c 2010 =300 ##$$a Vi,225 hlm, : $b Ilus ; $c 24 cm =650 #4$$a ONKOLOGI =700 #$$a Emir T Pasaribu =850 ##$$a NBPNMAT =020 ##$$a 9789798674112 =084 ##$$a 616.99 SUY b =990 ##$$a 0001/BPAP-NTB/2016 =990 ##$$a 31443144 =990 ##$$a 21300180 =990 ##$$a 0001/BPAP-NTB/2016